| 000 | 00816nam a22002777a 4500 | ||
|---|---|---|---|
| 001 | 4716177 | ||
| 003 | OSt | ||
| 005 | 20210423063000.0 | ||
| 008 | 830715s1983 nyu 000 0 eng | ||
| 010 | _a 83047932 | ||
| 020 | _a0670703907 | ||
| 040 |
_aDLC _cDLC _dDLC |
||
| 041 | _aeng | ||
| 050 | 0 | 0 |
_aQ175 _b.T495 1983 |
| 080 |
_a821.111 _bT-46 |
||
| 082 | 0 | 0 |
_a081 _219 |
| 100 | 1 |
_aThomas, Lewis, _d1913-1993. |
|
| 245 | 1 | 0 |
_aLate night thoughts on listening to Mahler's Ninth symphony / _cLewis Thomas. |
| 260 |
_aNew York : _bViking Press, _c1983. |
||
| 300 |
_avi, 168 p. ; _c21 cm. |
||
| 650 | 0 |
_aScience _xPhilosophy. |
|
| 650 | 0 |
_aBiology _xPhilosophy. |
|
| 653 | _aინგლისური ლიტერატურა | ||
| 906 |
_a7 _bcbc _corignew _d1 _eocip _f19 _gy-gencatlg |
||
| 942 |
_2udc _cBK |
||
| 999 |
_c1547 _d1547 |
||